000 00721nam a2200241 a 4500
001 21476
003 BD-RjUL
005 20211209000706.0
008 140304s1955 enk m000 0 eng d
035 _a(BD-RjUL)21540
040 _aAKR
_dUKM
_dEQO
_dBD-RjUL
_beng
_cBD-RjUL
041 _aeng
082 _a911.2
_bGOP
100 1 _aGoblet, Y. M.
_q(Yann Morvran),
_d1881-1955.
_966339
245 1 0 _aPolitical geography and the world map /
_c Y. M. Goblet.
260 _aLondon :
_bGeorge Philip,
_c1955.
300 _axviii, 291 p. :
_bill., maps.
_c23 cm.
504 _aIncludes bibliographical references.
650 0 _aPolitical geography.
_966340
942 _2ddc
_cBK
999 _c21476
_d21476